Sports Quiz

Random Sports or NFL Quiz
Score 0/15 Timer 05:00
0 Plays Today
Hint Answer % Correct
Passing Yards (Week 17)Drew Brees
97.8%
Passing Yards (Week 17)Aaron Rodgers
95.3%
Passing Yards (Week 17)Carson Palmer
90.4%
Rushing Yards (Week 17)LeSean McCoy
82.6%
Rushing Yards (Week 17)Chris Johnson
76.5%
Receiving Yards (Week 17)Jordy Nelson
75.6%
Receiving Yards (Week 17)TY Hilton
68.6%
Passing Yards (Week 17)Kyle Orton
65.3%
Hint Answer % Correct
Passing Yards (Week 17)Chad Henne
62.5%
Receiving Yards (Week 17)Jason Witten
62.4%
Rushing Yards (Week 17)LeGarrette Blount
61.9%
Receiving Yards (Week 17)Anquan Boldin
61.8%
Rushing Yards (Week 17)Ryan Mathews
59.9%
Receiving Yards (Week 17)Golden Tate
49%
Rushing Yards (Week 17)Matt Asiata
29.4%
Remove Ads.
Support Sporcle.
Get the best of Sporcle when you Go Orange. This ad-free experience offers more features, more stats, and more fun while also helping to support Sporcle. Thank you for becoming a member.

You're not logged in!

Compare scores with friends on all Sporcle quizzes.
OR
Log In

Show Comments

Extras

Top Quizzes Today


Score Distribution

Your Account Isn't Verified!

In order to create a playlist on Sporcle, you need to verify the email address you used during registration. Go to your Sporcle Settings to finish the process.

Report this User

Report this user for behavior that violates our Community Guidelines.

Details: